Best little monkeys in the world (The) / (Record no. 102255)
[ view plain ]
| 000 -LEADER | |
|---|---|
| fixed length control field | 00740nam a2200205 a 4500 |
| 005 - DATE AND TIME OF LATEST TRANSACTION | |
| control field | 20140412111233.0 |
| 008 - FIXED-LENGTH DATA ELEMENTS--GENERAL INFORMATION | |
| fixed length control field | 010425s19uu xx 00 eng d |
| 020 ## - INTERNATIONAL STANDARD BOOK NUMBER | |
| International Standard Book Number | 0-394-88616-X |
| 050 ## - LIBRARY OF CONGRESS CALL NUMBER | |
| Classification number | TR(PS E |
| Item number | Be21 1987 |
| 100 ## - MAIN ENTRY--PERSONAL NAME | |
| Personal name | Standiford, Natalie |
| 245 ## - TITLE STATEMENT | |
| Title | Best little monkeys in the world (The) / |
| Statement of responsibility, etc | by Natalie Standiford; illustrated by Hilary Knight. |
| 260 ## - PUBLICATION, DISTRIBUTION, ETC. (IMPRINT) | |
| Place of publication, distribution, etc | New York : |
| Name of publisher, distributor, etc | Random House, |
| Date of publication, distribution, etc | 1987. |
| 300 ## - PHYSICAL DESCRIPTION | |
| Extent | 48p. ; ill. |
| 440 ## - SERIES STATEMENT/ADDED ENTRY--TITLE | |
| Title | Step into reading, A step 2 book |
| 520 ## - SUMMARY, ETC. | |
| Summary, etc | When their parents go out to a party, two little monkeys make mischief while their baby-sitter thinks they are being good. |
| 650 ## - SUBJECT ADDED ENTRY--TOPICAL TERM | |
| Topical term or geographic name as entry element | Monkeys-Fiction |
| 650 ## - SUBJECT ADDED ENTRY--TOPICAL TERM | |
| Topical term or geographic name as entry element | Baby-sitters-Fiction |
| 650 ## - SUBJECT ADDED ENTRY--TOPICAL TERM | |
| Topical term or geographic name as entry element | Behavior-Fiction |
| Withdrawn status | Lost status | Damaged status | Home library | Current library | Shelving location | Date acquired | Source of acquisition | Cost, normal purchase price | Total Checkouts | Full call number | Barcode | Date last seen | Price effective from | Koha item type |
|---|---|---|---|---|---|---|---|---|---|---|---|---|---|---|
| Elizalde Library | Elizalde Library | Teachers Reference Section | 04/25/2001 | 93.25 | TR(PS E Be21 1987 | E1045 | 04/12/2014 | 04/12/2014 | Books |